1606 1027 1431 1806 1682 1043 1743 1839 1953 1542 1202 1938 1865 1872 1508 1615 1039 1730 1341 1641 1203 1404 1295 1258 1529 1184 1087 1218 1012 1427 1303 1635 1683 1813 1900 1045 1138 1050 1692 1682 1109 1954 1988 1147 1262 1521 1615 1910 1520 1321 1176 1523 1817 1748 1882 1730 1296 1186 1855 1284 1909 1684 1962 1822 1315 1901 1510 1806 1997 1835 1985 1869 1247 1564 1390 1219 1653 1822 1497 1095 1787 1303 1419 1623 1664 1293 1021 1928 1218 1370 1339 1907 1493 1606 1372 1801 1697 1456 1213 BCNSPRNW ULIB Ver.6.0+V

เปลี่ยนเป็นภาษาไทย

Change to English
 แสดงรายละเอียดบรรณานุกรม
  กลับหน้าหลัก

Brief Record : Get Marc (ISO 2709) : E-mail record : QR code < ปิดหน้าต่าง
LEADER : 00000nam 2200000uu 4500
001    13399120175
003     ULIB
008    120905s2554||||th 000 0 tha d
020    ^a9786161106560
060  4 ^aWY161^bป472
100 0  ^aปรียสลิล ไชยวุฒิ
245 10 ^aการพยาบาลผู้ป่วยผ่าตัดเปลี่ยนข้อสะโพกเทียม :^bกรณีศึกษา /^cปรียสลิล ไชยวุฒิ
250    ^aพิมพ์ครั้งที่ 1.
260    ^aนนทบุรี :^bโครงการสวัสดิการวิชาการ สถาบันพระบรมราชชนก,^c2554.
300    ^aก-จ, 70 หน้า :^bภาพประกอบ
650  7 ^aตะโพก^xโรค^xการพยาบาล
650  7 ^aข้อตะโพก^xโรค^xการพยาบาล
650  7 ^aข้อตะโพกเทียม^xศัลยกรรม
650  7 ^aข้อตะโพกเทียม^xผู้ป่วย^xการพยาบาล
710 2  ^aสถาบันพระบรมราชชนก.^bโครงการสวัสดิการวิชาการ
945    ^p120^l0^i032819
945    ^p120^l0^i032820
945    ^p120^l0^i032821
945    ^p120^l0^i032822
945    ^p120^l0^i032823
945    ^p120^l0^i032824
945    ^p120^l0^i032825
945    ^p120^l0^i034372
995    ^aทศพร
999    ^aทศพร
รายการนี้ยังไม่มีแท็ก
คุณยังไม่ได้ล็อกอิน คุณสามารถมีกิจกรรมร่วมกับเว็บไซต์ได้ แต่ต้องล็อกอินก่อน ::
  ล็อกอิน

รายการสื่อสารสนเทศ

ลำดับที่ ประเภท เลขเรียก/บาร์โค้ด สถานที่ สถานะ
1. วิทยาศาสตร์การแพทย์ และสุขภาพ
หนังสือสำรอง
สถานะ=หนังสือสำรอง
WY161 ป472 ฉ.1 
  Barcode: 032819
ห้องสมุดวิทยาเขตสวรรค์ประชารักษ์
►ส่วนจัดเก็บหนังสือเก่า สปร
บนชั้น
  ขอยืม
2. วิทยาศาสตร์การแพทย์ และสุขภาพ
วิทยาศาสตร์การแพทย์ และสุขภาพ
WY161 ป472 ฉ.2 
  Barcode: 032820
ห้องสมุดวิทยาเขตสวรรค์ประชารักษ์
►ส่วนจัดเก็บหนังสือเก่า สปร
บนชั้น
  ขอยืม
3. วิทยาศาสตร์การแพทย์ และสุขภาพ
วิทยาศาสตร์การแพทย์ และสุขภาพ
WY161 ป472 ฉ.3 
  Barcode: 032821
ห้องสมุดวิทยาเขตสวรรค์ประชารักษ์
►ส่วนจัดเก็บหนังสือเก่า สปร
บนชั้น
  ขอยืม
4. วิทยาศาสตร์การแพทย์ และสุขภาพ
วิทยาศาสตร์การแพทย์ และสุขภาพ
WY161 ป472 ฉ.4 
  Barcode: 032822
ห้องสมุดวิทยาเขตสวรรค์ประชารักษ์
►ส่วนจัดเก็บหนังสือเก่า สปร
บนชั้น
  ขอยืม
5. วิทยาศาสตร์การแพทย์ และสุขภาพ
วิทยาศาสตร์การแพทย์ และสุขภาพ
WY161 ป472 ฉ.5 
  Barcode: 032823
ห้องสมุดวิทยาเขตสวรรค์ประชารักษ์
►ส่วนจัดเก็บหนังสือเก่า สปร
บนชั้น
  ขอยืม
6. วิทยาศาสตร์การแพทย์ และสุขภาพ
วิทยาศาสตร์การแพทย์ และสุขภาพ
WY161 ป472 ฉ.6 
  Barcode: 032824
ห้องสมุดวิทยาเขตสวรรค์ประชารักษ์
►ส่วนจัดเก็บหนังสือเก่า สปร
บนชั้น
  ขอยืม
7. วิทยาศาสตร์การแพทย์ และสุขภาพ
วิทยาศาสตร์การแพทย์ และสุขภาพ
WY161 ป472 ฉ.7 
  Barcode: 032825
ห้องสมุดวิทยาเขตสวรรค์ประชารักษ์
►ส่วนจัดเก็บหนังสือเก่า สปร
บนชั้น
  ขอยืม
8. Book การพยาบาล
Book การพยาบาล
WY161 ป472 ฉ.8 
  Barcode: 034372
ห้องสมุดวิทยาเขตสวรรค์ประชารักษ์
►ส่วนจัดเก็บหนังสือเก่า สปร
บนชั้น
  ขอยืม
Note:อภินันทนาการ จาก โครงการสวัสดิการวิชาการ สบช

รายการใกล้เคียง
    ผู้แต่ง [ปรียสลิล ไชยวุฒิ]

BibComment


ยังไม่เคยถูกคอมเมนท์

คอมเมนท์ทรัพยากรรายการนี้
  คอมเมนท์: การพยาบาลผู้ป่วย..


 Copyright 2026. Bcnsprnw @Library